LEADER 01386nam0 22002891i 450 001 UON00384337 005 20231205104543.204 010 $a978-49-06-26763-7 100 $a20100921d2010 |0itac50 ba 101 $amul 102 $aJP 105 $a|||| 1|||| 200 1 $aCrossfire$eShingon-Tendai strife as seen in two twelfth-century polemics, with special references to their background in Tang China$fJinhua Chen 210 $aTokyo$cInternational Institute for Buddhist Studies of the International College for Postgraduate Buddhist Studies$d2010 215 $aXVI, 371 p.$d26 cm. 410 1$1001UON00024230$12001 $aStudia Philologica Buddhica. Monograph Series$v25 606 $aBUDDHISMO$xGIAPPONE$xSHINGON$3UONC002303$2FI 620 $aJP$dTo?kyo?$3UONL000031 686 $aGIA VII B$cGIAPPONE - RELIGIONE E FILOSOFIA - BUDDHISMO$2A 700 1$aCHEN$bJinhua$3UONV031150$0650575 712 $aInternational Institute for Buddhist Studies of the International College of Postgraduate Buddhist Studies$3UONV249797$4650 801 $aIT$bSOL$c20240220$gRICA 899 $aSIBA - SISTEMA BIBLIOTECARIO DI ATENEO$2UONSI 912 $aUON00384337 950 $aSIBA - SISTEMA BIBLIOTECARIO DI ATENEO$dSI GIA VII B 349 N $eSI SA 127812 7 349 N 996 $aCrossfire$91352747 997 $aUNIOR